000 00527nam a2200181Ia 4500
008 181130s2018 xx 000 0 und d
100 _aBurchardt, Tania
100 _aJones, Emily and Obolenskaya, Polina
245 _aFormal and informal long-term care in the community:
_binterlocking or incoherent systems?
260 _c2018
300 _ap.479-503.
504 _dJul
650 _aCare - Old age
650 _aCommunity
650 _aCommunity - U.K.
773 _aJournal of Social Policy
906 _aCommunity
999 _c507019
_d507019